000 00786nam a2200241 i 4500
001 C2-0306521
003 PPAK
005 20180728092652.0
008 101128s1984 my |||| ||||| | may d
040 _aPPAK
_beng
_cPPAK
_erda
082 0 4 _a711.409595112
_223
090 0 0 _a711.409595112
_bRAN
_dKSA
110 2 _aPerbadanan Perpustakaan Awam Kedah
245 0 0 _aRancangan Malaysia Kelima
264 1 _aAlor Setar, Kedah :
_bPerbadanan Perpustakaan Awam Kedah ,
_c1984
300 _a19 pages ;
_c30 cm
336 _2rdacontent
_atext
337 _2rdamedia
_aunmediated
338 _2rdacarrier
_avolume
650 1 0 _aLand use - Kedah - Alor Setar - Planning. ; Citi planning - Kedah - Alor Setar.
710 2 _aPerbadanan Perpustakaan Awam Kedah
_eorganizer
942 _ddc
_cB
999 _c109424
_d109424